000 00445nam a2200193Ia 4500
005 20250425162008.0
008 250425s9999 xx 000 0 und d
041 _aeng
082 _a532
100 _aBINDER, RAYMOND CHARLES
245 0 _aFLUID MECHANICS
250 _a4TH ED.
260 _aEstados Unidos
_bPRENTICE HALL
_c1962
260 _aS.L.
300 _a453
650 _aMECANICA DE FLUIDOS
942 _c01
010 _a39232
999 _c220308
_d220308